Biggest cities in Mexico - Statistics

General Stats
  • This quiz has been taken 12 times
  • The average score is 13 of 20
Answer Stats
Hint Answer % Correct
7 1,385,629 Guadalajara
100%
1 9,209,944 Mexico City
100%
2 1,810,645 Tijuana
100%
14 888,797 Cancun
92%
6 1,501,551 Ciudad Juarez
92%
8 1,142,952 Monterrey
92%
4 1,579,803 Leon
83%
12 921,771 Merida
83%
5 1,542,232 Puebla
83%
16 863,893 Aguascalientes
58%
11 925,762 Chihuahua
58%
17 855,563 Hermosillo
58%
18 854,186 Mexicali
58%
19 845,941 San Luis Potosi
58%
15 864,431 Saltillo
42%
20 808,416 Culiacan
25%
9 1,072,676 Nezahualcoyotl
25%
10 1,026,492 Zapopan
25%
3 1,643,623 Ecatepec
17%
13 911,168 Naucalpan
8%
No matching quizzes found
Score Distribution
Percent of People with Each Score
Percentile by Number Answered
Your Score History
You have not taken this quiz